00820nam a2200229 a 4500008004100000020001500041050001500056100002400071245004300095260002600138300001600164350000900180490003300189650002000222650001200242650002800254650004300282650002200325995009600347999001700443952013000460120416s1999 ||||||||||||||||| || u a0340720360 aHM 101 Sto aStorey, John, 1950-10aCultural consumption and everyday life aLondon:bArnoldc1999 axiii, 191p. a0.00 aCultural studies in practice aPOPULAR CULTURE aCULTURE aPERSONALITY AND CULTURE 0aCONSUMPTION--ECONOMICS--SOCIAL ASPECTS aIntellectual life D0.00FCBU-MAIN LIBRARY (Kitwe)H1I15.00M1UAVAILABLEZMain Library Open Access Collection c39278d39278 00102lcc4070a001b001cMain Library Open Access Collectiond2022-11-30l0oHM 101 Stop48658r2022-11-30w2022-11-30y002